000 00834nam a22003377a 4500
001 00756
003 DO-SdBNP
005 20180131115739.0
007 00756
008 151106b 2001 sp |||| |||| 00| 0 spa d
020 _a8475670334
040 _aBPMSU
_bspa
_cBPMSU
041 1 7 _aspa
_h
082 4 _axxx
_bxxx
092 _a
_b
100 1 0 _aAlcott, Louise May
240 _aLittle Women
_lspa
245 _aMujercitas /
_cLouise May Alcott
250 _a4a. reimp.
260 _aMadrid :
_bAlba,
_c2001.
300 _a289 p. :
_bil.,
_c20 cm.
490 1 0 _a
490 1 0 _aMujercitas ;
_v1
700 1 2 _a
_d
_e
700 1 0 _aJuez Castellá, Jaime,
_d1959-
_eil.
830 0 0 _a
830 0 0 _aMujercitas ; 1
942 _2ddc
_cBK
945 _aInventariado, 2018/ YL
956 _aVMATEO
_210
_320160317
_6BPMSU
_80069
999 _c9296
_d9296